Statistics for 15 BIGGEST CITIES IN ANDALUCÍA

Click here to take the quiz!

General Stats

  • This quiz has been taken 161 times
  • The average score is 11 of 15

Answer Stats

Pop.Answer% Correct
232.208Granada
98%
688.711Sevilla
98%
571.026Málaga
97%
116.979Cádiz
93%
325.708Córdoba
93%
196.851Almería
84%
144.258Huelva
81%
212.879Jerez de la Frontera
81%
113.457Jaén
78%
141.463Marbella
75%
133.168Dos Hermanas
62%
121.414Algeciras
57%
88.364El Ejido
42%
94.925Roquetas de Mar
39%
95.174San Fernando
35%

Score Distribution

Percentile by Number Answered

Percent of People with Each Score

Your Score History

You have not taken this quiz